General Insurance

Na minha lista:
Detalhes bibliográficos
Autor principal: Bickelhaupt, David L.
Formato: Livro
Idioma:inglês
Publicado em: Homewood Irwin 1974
Edição:9. ed.
Colecção:<The> Irwin Series in Insurance and Economic Security
Assuntos:
Tags: Adicionar Tag
Sem tags, seja o primeiro a adicionar uma tag!

MARC

LEADER 00000nam a2200000 4500
001 c021639
005 20221207074616.3
020 |a 0-256-01555-4 
041 0 |a eng 
044 |a US 
245 1 0 |a General Insurance  |c David L. Bickelhaupt 
250 |a 9. ed. 
264 1 |a Homewood  |b Irwin  |c 1974 
300 |a 924 s. 
490 1 |a <The> Irwin Series in Insurance and Economic Security 
830 0 |a <The> Irwin Series in Insurance and Economic Security 
610 2 0 |a poistenie 
610 2 0 |a risk management 
610 2 0 |a poistenci 
610 2 0 |a poistenie majetku 
610 2 0 |a poistenie nemocenské 
610 2 0 |a poistenie životné 
610 2 0 |a poisťovatelia 
610 2 0 |a poistné 
610 2 0 |a poisťovne 
610 2 0 |a poistenie havarijné 
100 1 |a Bickelhaupt, David L.